[Event "Barcelona Tres Peons-C 45th"]
[Site "Barcelona"]
[Date "2016.05.20"]
[Round "6.1"]
[White "Galceran Porqueras, Joan"]
[Black "Odena Penarroja, Enric"]
[Result "1-0"]
[WhiteElo "1787"]
[BlackElo "1735"]
[PlyCount "35"]
[EventDate "2016.04.15"]
[EventType "swiss"]
[EventRounds "9"]
[EventCountry "ESP"]
[SourceTitle "EXT 2024"]
[Source "ChessBase"]
[SourceDate "2023.10.10"]
[SourceVersion "1"]
[SourceVersionDate "2023.10.10"]
[SourceQuality "1"]

1. e4 c6 2. d3 d5 3. Qe2 dxe4 4. dxe4 e5 5. g3 Nf6 6. Bg5 Be7 7. Nd2 Bg4 8. f3 Be6 9. Bh3 Bxh3 10. Nxh3 h6 11. Be3 Nbd7 12. 0-0-0 Qa5 13. Kb1 b5 14. Nb3 Qc7 15. Nf2 a5 16. f4 a4 17. fxe5 Qxe5 18. Bf4 1-0

[Event "Barcelona Tres Peons-C 45th"]
[Site "Barcelona"]
[Date "2016.05.13"]
[Round "5.5"]
[White "Navarro Fornos, Pere Josep"]
[Black "Odena Penarroja, Enric"]
[Result "1-0"]
[WhiteElo "1871"]
[BlackElo "1735"]
[PlyCount "150"]
[EventDate "2016.04.15"]
[EventType "swiss"]
[EventRounds "9"]
[EventCountry "ESP"]
[SourceTitle "EXT 2024"]
[Source "ChessBase"]
[SourceDate "2023.10.10"]
[SourceVersion "1"]
[SourceVersionDate "2023.10.10"]
[SourceQuality "1"]

1. e4 c6 2. Nf3 d5 3. exd5 cxd5 4. d4 Bg4 5. Be2 Nf6 6. Bf4 e6 7. Nbd2 Nc6 8. c3 a6 9. 0-0 Bd6 10. Ne5 Bxe2 11. Qxe2 0-0 12. Bg5 h6 13. Bh4 Be7 14. Ndf3 Nd7 15. Nxc6 bxc6 16. Bxe7 Qxe7 17. Ne5 Nxe5 18. Qxe5 Rab8 19. Qe2 Rb6 20. b4 Rfb8 21. a4 Qa7 22. a5 Rb5 23. Rfe1 Qd7 24. Qe5 Re8 25. Re3 f6 26. Qh5 Qf7 27. Qh3 Rb7 28. Rae1 Rbe7 29. f4 f5 30. Re5 Qf6 31. Qd3 Ra8 32. c4 g5 33. cxd5 cxd5 34. Qe2 Kf7 35. Qh5+ Kg7 36. fxg5 hxg5 37. Qe2 Kf7 38. Qh5+ Kg7 39. R1e3 g4 40. h4 Rh8 41. Qg5+ Kf7 42. Qxf6+ Kxf6 43. g3 Rc8 44. h5 Rc4 45. h6 Rxb4 46. h7 Rb8 47. Rb3 Ree8 48. Rbe3 Rb1+ 49. Kf2 Rh1 50. Rxd5 Rxh7 51. Rd6 Rh2+ 52. Ke1 Rh1+ 53. Kd2 Rh2+ 54. Kd3 Ra2 55. Rxa6 Ra3+ 56. Kd2 Rxe3 57. Kxe3 Kg5 58. Ra7 e5 59. a6 exd4+ 60. Kxd4 Re4+ 61. Kd3 Ra4 62. Ra8 Ra3+ 63. Ke2 Ra2+ 64. Kd1 Ra1+ 65. Kc2 Ra2+ 66. Kb1 Ra3 67. a7 Rxg3 68. Rg8+ Kf4 69. a8Q Rg1+ 70. Kc2 Kg3 71. Qa3+ Kg2 72. Qe3 Rf1 73. Rd8 g3 74. Rg8 f4 75. Qe4+ Kf2 1-0

[Event "Barcelona Tres Peons-C 45th"]
[Site "Barcelona"]
[Date "2016.04.29"]
[Round "3.4"]
[White "Suarez Garcia, Mario"]
[Black "Odena Penarroja, Enric"]
[Result "0-1"]
[WhiteElo "1674"]
[BlackElo "1735"]
[PlyCount "90"]
[EventDate "2016.04.15"]
[EventType "swiss"]
[EventRounds "9"]
[EventCountry "ESP"]
[SourceTitle "EXT 2024"]
[Source "ChessBase"]
[SourceDate "2023.10.10"]
[SourceVersion "1"]
[SourceVersionDate "2023.10.10"]
[SourceQuality "1"]

1. e4 c6 2. d4 d5 3. Nc3 dxe4 4. Nxe4 Nd7 5. Nf3 Ngf6 6. Ng3 Nb6 7. Be2 Bg4 8. 0-0 e6 9. h3 Bxf3 10. Bxf3 Bd6 11. Ne4 Nxe4 12. Bxe4 Nd5 13. c4 Nf6 14. Bg5 h6 15. Bxf6 Qxf6 16. Qd3 0-0 17. Rad1 Rad8 18. Qf3 Qxf3 19. Bxf3 Rd7 20. d5 exd5 21. cxd5 cxd5 22. Rxd5 Rfd8 23. Rfd1 Kf8 24. Bg4 Bh2+ 25. Kxh2 Rxd5 26. Rb1 Rd2 27. Kg3 g6 28. Bf3 b6 29. b4 Rxa2 30. b5 Rd7 31. Rf1 Kg7 32. Bb7 f5 33. f4 Kf6 34. h4 g5 35. fxg5+ hxg5 36. h5 Ra3+ 37. Rf3 Rxf3+ 38. Bxf3 Rd6 39. Kf2 g4 40. Bc6 Kg5 41. Be8 f4 42. Bg6 Rd2+ 43. Kf1 g3 44. Bf7 Rf2+ 45. Kg1 Rb2 0-1

[Event "Barcelona Tres Peons op 16th"]
[Site "Barcelona"]
[Date "2015.02.20"]
[Round "6"]
[White "Salgado Cea, Gorka"]
[Black "Odena Penarroja, Enric"]
[Result "1-0"]
[WhiteElo "2036"]
[BlackElo "1871"]
[PlyCount "105"]
[EventDate "2015.01.16"]
[EventType "swiss"]
[EventRounds "9"]
[EventCountry "ESP"]
[SourceTitle "EXT 2016"]
[Source "ChessBase"]
[SourceDate "2015.10.08"]
[SourceVersion "1"]
[SourceVersionDate "2015.10.08"]
[SourceQuality "1"]

1. e4 c6 2. d4 d5 3. exd5 cxd5 4. Bd3 Nf6 5. c3 Bg4 6. Qb3 Qc8 7. Ne2 Bxe2 8. Bxe2 a6 9. Bf4 e6 10. Nd2 Be7 11. 0-0 0-0 12. Bg3 Nc6 13. Rae1 b5 14. a3 Na5 15. Qc2 Nc4 16. Bf3 Nxd2 17. Qxd2 Qd8 18. h3 Bd6 19. Bxd6 Qxd6 20. Bd1 Ne4 21. Qd3 Qf4 22. Re3 f5 23. f3 Ng5 24. Qe2 Rf6 25. Rf2 Qg3 26. Kf1 Nxh3 27. gxh3 Rg6 28. Ke1 Qg1+ 29. Kd2 Kf7 30. f4 Re8 31. Rf1 Qg2 32. Re1 Rg3 33. Qxg2 Rxg2+ 34. R1e2 Rg1 35. Bb3 Rf1 36. Bxd5 Rxf4 37. Bxe6+ Kf8 38. d5 Rd8 39. Kd3 g5 40. Rg3 h6 41. b3 Kg7 42. c4 bxc4+ 43. bxc4 Rb8 44. Kc3 a5 45. Rb2 Rxc4+ 46. Kxc4 Rxb2 47. Bxf5 Kf6 48. Be6 Ke7 49. Kc5 a4 50. Re3 Kf6 51. d6 Rc2+ 52. Bc4 Rd2 53. Rd3 1-0

[Event "Barcelona Tres Peons op 16th"]
[Site "Barcelona"]
[Date "2015.01.16"]
[Round "1"]
[White "Cervello Tost, Roger"]
[Black "Odena Penarroja, Enric"]
[Result "0-1"]
[WhiteElo "2150"]
[BlackElo "1871"]
[PlyCount "49"]
[EventDate "2015.01.16"]
[EventType "swiss"]
[EventRounds "9"]
[EventCountry "ESP"]
[SourceTitle "EXT 2016"]
[Source "ChessBase"]
[SourceDate "2015.10.08"]
[SourceVersion "1"]
[SourceVersionDate "2015.10.08"]
[SourceQuality "1"]

1. e4 c6 2. d4 d5 3. Nc3 dxe4 4. Nxe4 Nd7 5. Nf3 Ngf6 6. Ng3 Nb6 7. Be2 Bg4 8. 0-0 e6 9. Qd3 Be7 10. Bg5 h6 11. Bf4 0-0 12. c3 Bd6 13. Bd2 Bxg3 14. fxg3 Bf5 15. Qe3 Ng4 16. Qf4 Nd5 17. h3 Nxf4 18. Bxf4 Nf6 19. g4 Bh7 20. g5 Nd5 21. Bd2 hxg5 22. Nxg5 Nf6 23. Rf4 e5 24. Rh4 exd4 25. cxd4 0-1

[Event "Barcelona Tres Peons op-B 15th"]
[Site "Barcelona"]
[Date "2013.02.22"]
[Round "7"]
[White "Perolet Perez, Miquel"]
[Black "Odena Penarroja, Enric"]
[Result "1-0"]
[WhiteElo "1643"]
[BlackElo "1721"]
[PlyCount "69"]
[EventDate "2013.01.11"]
[EventType "swiss"]
[EventRounds "9"]
[EventCountry "ESP"]
[SourceTitle "EXT 2014"]
[Source "ChessBase"]
[SourceDate "2013.11.20"]
[SourceVersion "1"]
[SourceVersionDate "2013.11.20"]
[SourceQuality "1"]

1. d4 f5 2. Nc3 e6 3. e4 fxe4 4. Nxe4 Nf6 5. Bd3 Nc6 6. c3 Be7 7. Nxf6+ Bxf6 8. Qh5+ g6 9. Qe2 0-0 10. Nf3 d6 11. Bh6 Re8 12. 0-0-0 Ne7 13. Kb1 Nf5 14. Bd2 b6 15. g4 Nh4 16. Nxh4 Bxh4 17. Bb5 Rf8 18. Rhf1 Bd7 19. Bd3 Qf6 20. f4 Qe7 21. g5 e5 22. Be4 Rae8 23. Bd5+ Kh8 24. fxe5 Bf5+ 25. Ka1 Bxg5 26. Bc6 Rd8 27. Bxg5 Qxg5 28. exd6 Bg4 29. Qg2 Qh5 30. dxc7 Bxd1 31. cxd8Q Rxd8 32. Qf2 Rc8 33. Qf6+ Kg8 34. Qe6+ Kg7 35. Qxc8 1-0